|
|
|
|
| LEADER |
02863nam a22003855i 4500 |
| 001 |
978-88-470-1914-0 |
| 003 |
DE-He213 |
| 005 |
20150520191418.0 |
| 007 |
cr nn 008mamaa |
| 008 |
110430s2011 it | s |||| 0|ita d |
| 020 |
|
|
|a 9788847019140
|9 978-88-470-1914-0
|
| 024 |
7 |
|
|a 10.1007/978-88-470-1914-0
|2 doi
|
| 040 |
|
|
|d GrThAP
|
| 050 |
|
4 |
|a R1
|
| 072 |
|
7 |
|a MB
|2 bicssc
|
| 072 |
|
7 |
|a MED000000
|2 bisacsh
|
| 082 |
0 |
4 |
|a 610
|2 23
|
| 100 |
1 |
|
|a Pescatori, Mario.
|e author.
|
| 245 |
1 |
0 |
|a Ascessi, fistole anali e retto-vaginali
|h [electronic resource] :
|b Esperienze e riflessioni di un coloproctologo /
|c by Mario Pescatori.
|
| 264 |
|
1 |
|a Milano :
|b Springer Milan,
|c 2011.
|
| 300 |
|
|
|a XIV, 310pagg. 600 figg., 300 figg. a colori.
|b online resource.
|
| 336 |
|
|
|a text
|b txt
|2 rdacontent
|
| 337 |
|
|
|a computer
|b c
|2 rdamedia
|
| 338 |
|
|
|a online resource
|b cr
|2 rdacarrier
|
| 347 |
|
|
|a text file
|b PDF
|2 rda
|
| 520 |
|
|
|a Il volume illustra in una prima parte la storia della chirurgia delle fistole, l'anatomia della regione anorettale, il ruolo della flora batterica, la descrizione dei vari interventi, convenzionali e nuovi, compreso l’impiego delle cellule staminali, la preparazione diagnostica con immagini e altri esami, la cura post-operatoria del paziente con i controlli e le medicazioni e le revisioni chirurgiche, la psicosomatica della sepsi anorettale, il problema delle recidive e della continenza. Storie sui luoghi e sui protagonisti della proctologia, primi fra tutti i chirurghi del St Mark’s Hospital, arricchiscono la trattazione accompagnate da disegni illustrativi, foto ambulatoriali, radiografie, RMN ed ecografie . Nella seconda parte il volume assume le caratteristiche di un atlante di chirurgia, offrendo una rassegna delle principali tecniche utilizzate nella pratica clinica con foto a colori dei campi operatori. I principali tipi di intervento sono illustrati da diversi casi clinici, alcuni dei quali dedicati alle novità come il “plug” e la colla di fibrina, altri alle fistole “a ferro di cavallo”, ai lembi di avanzamento rettale e alle fistole retto-vaginali semplici e complesse. Lo scopo del libro, destinato a coloproctologi, chirurghi, gastroenterologi, radiologi e ginecologi, è di offrire al lettore una chiave “ragionata passo dopo passo” per la chirurgia di queste affezioni, ricordando, come scrisse John Goligher, che è più difficile guarire una fistola complessa e recidiva che operare un cancro del retto. .
|
| 650 |
|
0 |
|a Medicine.
|
| 650 |
1 |
4 |
|a Medicine & Public Health.
|
| 650 |
2 |
4 |
|a Medicine/Public Health, general.
|
| 710 |
2 |
|
|a SpringerLink (Online service)
|
| 773 |
0 |
|
|t Springer eBooks
|
| 776 |
0 |
8 |
|i Printed edition:
|z 9788847019133
|
| 856 |
4 |
0 |
|u http://dx.doi.org/10.1007/978-88-470-1914-0
|z Full Text via HEAL-Link
|
| 912 |
|
|
|a ZDB-2-SME
|
| 950 |
|
|
|a Medicine (Springer-11650)
|